| 000 | 00539nam a22001817a 4500 | ||
|---|---|---|---|
| 003 | CEME | ||
| 005 | 20210628205903.0 | ||
| 008 | 210208b xxu||||| |||| 00| 0 eng d | ||
| 020 | _a0-471-59112-2 | ||
| 040 | _c. | ||
| 082 | _a621.34 ABE | ||
| 100 |
_aAbele, Manlio.G _977401 |
||
| 245 | _aStructures of permanent magnets generation of uniform fields | ||
| 260 |
_aNEWYORK _bJOHN WILEY _c1993 |
||
| 300 | _a374P | ||
| 650 |
_aMAGNETICS MATERIALS PERMANENTS MAGNETS-INDUSTRIAL APPLICATIONS PERMANENTS MAGNETS _977402 |
||
| 942 |
_cBK _2ddc |
||
| 999 |
_c582673 _d582673 |
||